[Event "GER-chT U10"]
[Site "Magdeburg"]
[Date "2014.12.28"]
[Round "4.3"]
[White "Grabbel, Torben Frederik"]
[Black "Scheer, Simon"]
[Result "1-0"]
[WhiteElo "600"]
[BlackElo "940"]
[PlyCount "109"]
[EventDate "2014.12.27"]
[EventType "team-swiss"]
[EventRounds "7"]
[EventCountry "GER"]
[SourceTitle "EXT 2016"]
[Source "ChessBase"]
[SourceDate "2015.10.08"]
[SourceVersion "1"]
[SourceVersionDate "2015.10.08"]
[SourceQuality "1"]
[WhiteTeam "Hamburger SK II"]
[BlackTeam "Braunschweig"]
[WhiteTeamCountry "GER"]
[BlackTeamCountry "GER"]

1. d4 d5 2. c4 dxc4 3. e4 Nf6 4. Nc3 Nc6 5. Nf3 Bg4 6. Be3 Bxf3 7. Qxf3 e6 8. Bxc4 Bb4 9. 0-0 Bxc3 10. bxc3 e5 11. d5 Ne7 12. Rad1 0-0 13. Qg3 h6 14. Bxh6 Ng6 15. Bg5 a6 16. Qh3 b5 17. Be2 Rb8 18. Bh5 b4 19. cxb4 Rxb4 20. Rfe1 Rb2 21. a3 Rxf2 22. Kxf2 Qe7 23. Kg1 a5 24. Rf1 Qd6 25. Rf2 Nxe4 26. Rf5 Nxg5 27. Rxg5 e4 28. Qg4 e3 29. Bxg6 fxg6 30. Rxg6 Qe7 31. Re6 Qf7 32. h3 e2 33. Rxe2 a4 34. Qg3 Rd8 35. Rc1 Rd7 36. Rf2 Qe7 37. Rb2 Kh7 38. Qd3+ g6 39. Rc4 Qg5 40. Rbb4 Kg7 41. Qc3+ Kf7 42. Qh8 Rxd5 43. Rf4+ Rf5 44. Rg4 Qc1+ 45. Kh2 Qc6 46. Qh7+ Ke8 47. Rge4+ Kd8 48. Qe7+ Kc8 49. Red4 Rd5 50. Qf8+ Kd7 51. Qf7+ Kc8 52. Rxd5 Qd6+ 53. Rxd6 cxd6 54. Rb7 g5 55. Qd7# 1-0